| 000 | 00000nas 2200000za 4500 |
| 001 | 9.508295 |
| 003 | CaOODSP |
| 005 | 20250403104742 |
| 007 | ta |
| 008 | 150406d19622007oncqr p #ss f0 b0fre|d |
| 022 | |a1181-6759 |
| 022 | |a0318-2398 |
| 040 | |aCaOODSP|bfre |
| 041 | |aeng|afre |
| 043 | |an-cn--- |
| 086 | 1 |aCS65-007 |
| 245 | 00|aImports by commodity = |bImportations par marchandise. |
| 246 | 11|aImportations par marchandise |
| 260 | |a[Ottawa] : |bDominion Bureau of Statistics : |bStatistique Canada, |c1962-2008. |
| 310 | |aMensuel |
| 362 | 0 |aVol. 19, no. 1 (janv. 1962)-v. 64, no. 12 (déc. 2007). |
| 546 | |aTexte en anglais seulement, janv. 1962-déc. 1965; texte en anglais et en français, janv. 1966-déc. 2007? |
| 563 | |aCouverture souple |
| 710 | 2 |aStatistique Canada. |
| 776 | 0#|tImports by commodity |w(CaOODSP)9.809299 |
| 791 | |tImports by commodity = |eeng|w(CaOODSP)9.508294 |